| 000 | 00833nam a22002537a 4500 | ||
|---|---|---|---|
| 001 | 667 | ||
| 005 | 20240614101603.0 | ||
| 020 | _a9781740897976 | ||
| 040 |
_aFISKH _beng _cFISKH _dFISKH |
||
| 050 | _aGV775.R93 | ||
| 082 | _a623.82 | ||
| 100 | _aRyan, Denise | ||
| 245 |
_aBoats and ships / _cDenise Ryan |
||
| 260 |
_aSydney : _bWeldon Owen, _c2008. |
||
| 300 |
_a24 pages : _bcolor illustrations ; _c23 cm |
||
| 490 |
_aTop Readers _vStage 1 |
||
| 505 | _aJ | ||
| 520 | _aAncient Chinese boats had special sails. What material was used to make them-was it cotton linen or bamboo? Modern ships carry hundreds of people across the world's oceans. | ||
| 521 |
_a500
_bLexile estimate |
||
| 521 |
_aJ
_bRaz-Plus |
||
| 650 |
_aBoats and ships _vOcean |
||
| 650 |
_aBoats and ships _vOcean |
||
| 942 |
_2ddc _cBK _n0 |
||
| 999 |
_c667 _d667 |
||